History Quiz

Random History or Artist Quiz

Famous Artists Quiz Stats

 Plays Quiz Updated Jun 20, 2018

Score 0/16 Timer 05:00
9 Plays Today
Work of Art Artist % Correct
Mona LisaLeonardo Da Vinci
95%
The Starry NightVincent van Gogh
84.9%
Water Lilies (or Nympheas)Claude Monet
78.9%
Creation of AdamMichelangelo
64.1%
The Young Ladies of AvignonPablo Picasso
57.3%
The ScreamEdvard Munch
56.1%
The Persistence of MemorySalvador Dalí
55.7%
Arrangement in Grey and Black: The Artist's Mother aka Whistler's MotherJames McNeill Whistler
45.5%
Work of Art Artist % Correct
The Birth of VenusSandro Botticelli
40.2%
The KissGustav Klimt
27.4%
On the TerracePierre-Auguste Renoir
22.5%
American GothicGrant Wood
21.2%
Woman with a HatHenri Matisse
18.8%
Light IrisGeorgia O'Keeffe
15.8%
Man with a PipePaul Cezanne
13%
Bella with White CollarMarc Chagall
6.7%

You're not logged in!

Compare scores with friends on all Sporcle quizzes.
OR
Log In

Sporcle TV

Today on Sporcle TV


Watch our educational content, quiz creation guides, and fun videos on Sporcle TV.

Show Comments

Extras

Top Quizzes Today


Score Distribution

Your Account Isn't Verified!

In order to create a playlist on Sporcle, you need to verify the email address you used during registration. Go to your Sporcle Settings to finish the process.

Report this User

Report this user for behavior that violates our Community Guidelines.

Details: